00374 2200157 4500001002100000005001500021035002000036245003600056100002000092300001700112260003100129082000800160084001400168020002200182990001200204INLIS00000000000332220251222090315 a0010-12250001431 aGun Princess /cMadoka Takadono0 aMadoka Takadono c11,5 x 17 cm aJakarta :bGramedia,c2016 a700 a700 MAD g a978-602-02-7872-8 a0754505